Kursus komunikasi ke arah kecemerlangan untuk kakitangan JPPH Selangor [ 14 Januari 1995

Bibliographic Details
Corporate Author: INSPEN (Institut Penilaian Negara)
Format: Book
Published: Selangor : Bukit Cerakah , 1995
Subjects:

MARC

LEADER 00000cam a2200000 7i4500
001 0000004838
005 20101111.0
008 101111
040 |a INS 
090 0 0 |a VCD 1610 
245 0 0 |a Kursus komunikasi ke arah kecemerlangan untuk kakitangan JPPH Selangor [  |h cakera video] :   |b 14 Januari 1995 
260 |a Selangor :   |b Bukit Cerakah ,   |c 1995 
300 |a 1 cakera video (2 jam 14 min.) :   |b by., wrn. ;   |c 4 3/4 in. 
500 |a Juga terdapat dalam format vhs : VHS 564 
650 0 0 |a Business communication 
710 1 |a INSPEN (Institut Penilaian Negara) 
999 |a VCD0001610   |b VIDEO CD   |c Media Collection   |e Default branch